| 000 | 01203pam a2200325 a 4500 | ||
|---|---|---|---|
| 001 | 2127853 | ||
| 003 | LRUA | ||
| 005 | 20230323164738.0 | ||
| 008 | 971222s1998 maua b 001 0 eng | ||
| 010 | _a 97053179 | ||
| 020 | _a0801627281 | ||
| 040 |
_aDLC _cDLC _dDLC |
||
| 050 | 0 | 0 |
_aQD33 _b.K327 1999 |
| 082 | 0 | 0 |
_a540 _221 |
| 100 | 1 | _aKelter, Paul B. | |
| 245 | 1 | 0 |
_aChemistry : _ba world of choices / _cPaul B. Kelter, James D. Carr, Andrew Scott. |
| 246 | 1 |
_iTitle from box: _aImpact |
|
| 246 | 1 |
_iTitle from box: _aDo you let the world happen to you, or do you make an impact on your world? |
|
| 250 | _a1st ed. | ||
| 260 |
_aBoston, Mass. : _bWCB/McGraw-Hill, _c1998. |
||
| 300 |
_axiv, 589 p. : _bill. (some col.) ; _c28 cm. |
||
| 500 | _aIssued in a box (33 cm.) with book title on spine; one leaf attached to the inside of box. | ||
| 504 | _aIncludes bibliographical references and index. | ||
| 650 | 0 | _aChemistry. | |
| 700 | 1 | _aCarr, James D. | |
| 700 | 1 |
_aScott, Andrew, _d1955- |
|
| 906 |
_a7 _bcbc _corignew _d1 _eocip _f19 _gy-gencatlg |
||
| 942 |
_2ddc _cREC |
||
| 955 | _apc14 to ja00 12-22-97; jd20 12-23-97; jd99 12-23-97; jd85 12-22-97; jk00 09-28-98; CIP ver. jk15 11-14-98 | ||
| 999 |
_c21222 _d21222 |
||